Acuerdo provisional sobre la antigua Casa de Caridad
Publicado:
San Jorge, núm. 86 - 87 (2n i 3r trimestre 1972), pàg 124 :
MARC
| LEADER | 00000nam a2200000Ia 4500 | ||
|---|---|---|---|
| 001 | |||
| 008 | 160829s9999 xx 000 0 cat d | ||
| 245 | |a Acuerdo provisional sobre la antigua Casa de Caridad | ||
| 260 | |a San Jorge, núm. 86 - 87 (2n i 3r trimestre 1972), pàg 124 | ||
| 610 | 1 | 0 | |a Barcelona (Catalunya). |b Ajuntament |9 50981 |
| 610 | 0 | |a Casa de Caritat (Barcelona, Catalunya) |9 52406 | |
| 650 | |a Convenis (Dret) |9 41987 | ||
| 901 | |a Arxiu | ||
| 942 | |n 1 | ||
| 952 | |0 0 |1 0 |4 0 |7 1 |9 50592 |a Arxiu |b Arxiu |d 2016-12-01 |l 0 |r 2016-12-01 00:00:00 |w 2016-12-01 |y ARXIU | ||
| 999 | |c 54434 |d 54434 | ||